000
00256nam a2200097Ia 4500
001
699435
005
20250826162110.0
008
250824s9999 xx 000 0 und d
245
0
_a
UMUT HAYAT AKAN BİR SUDUR/A.KULİN/EVEREST
_c
AYŞE KULİN
260
_b
EVEREST
999
_c
699435
_d
699435